[Event "Ch Ukraine (1/2 final)"]
[Site "masterchessopen.com Alushta (Ukraine)"]
[Date "2011.05.05"]
[Round "3"]
[White "Sergienko Vladislav (UKR)"]
[Black "Bezkorovaina Marija (UKR)"]
[Result "1-0"]
[WhiteElo "2244"]
[BlackElo "2023"]

1.Nf3 d5 2.d4 Nf6 3.c4 c6 4.e3 Bf5 5.Nc3 e6 6.Nh4 Bg6 7.Nxg6 hxg6 8.Bd2 Bd6
9.g3 Nbd7 10.Qb3 Qb6 11.Qc2 dxc4 12.Bxc4 Qc7 13.Be2 e5 14.dxe5 Nxe5 15.f4 Neg4
16.e4 Bc5 17.e5 Bf2+ 18.Kf1 Qb6 19.exf6 Be1 20.Kxe1 Qf2+ 21.Kd1 Rxh2 22.Qe4+
Kf8 23.Rxh2 Nxh2 24.Qe3 {#r} 1-0

[Event "Ch Germany (juniors) (Internet) (under 18) (qual3)"]
[Site "masterchessopen.com Internet"]
[Date "2011.05.08"]
[Round "5"]
[White "Miller Eduard (GER)"]
[Black "Bluebaum Matthias (GER)"]
[Result "1-0"]
[WhiteElo "2111"]
[BlackElo "2388"]

1.d4 d5 2.c4 c6 3.Nf3 Nf6 4.e3 Bf5 5.Nc3 e6 6.Nh4 Be4 7.f3 Bg6 8.Qb3 Qc7 9.Bd2
Be7 10.cxd5 Nxd5 11.Nxg6 hxg6 12.O-O-O Nxc3 13.Bxc3 Nd7 14.e4 Nb6 15.Kb1 Rxh2
16.Rxh2 Qxh2 17.d5 exd5 18.exd5 Nxd5 19.Qxb7 Nxc3+ 20.Kc2 Nxd1 21.Qxc6+ Kd8
22.Qxa8+ Kd7 23.Qxa7+ Ke6 24.Bc4+ Ke5 25.Qxe7+ {#r} 1-0

[Event "Ch Germany (juniors) (Internet) (under 25) (qual4)"]
[Site "masterchessopen.com Internet"]
[Date "2011.05.11"]
[Round "5"]
[White "Strunski Andreas (GER)"]
[Black "Kleibel Uwe (GER)"]
[Result "1-0"]
[WhiteElo "2322"]
[BlackElo "2127"]

1.d4 d5 2.c4 c6 3.Nf3 Nf6 4.e3 Bf5 5.Nc3 e6 6.Nh4 Be4 7.f3 Bg6 8.Qb3 Qb6
9.Nxg6 Qxb3 10.axb3 hxg6 11.c5 Nbd7 12.b4 e5 13.b5 exd4 14.exd4 Rh4 15.Be3
Nxc5 16.dxc5 d4 17.Bf2 dxc3 18.Bxh4 cxb2 19.Rb1 Bxc5 20.Rxb2 O-O-O 21.bxc6
Re8+ 22.Kd1 bxc6 23.Ba6+ Kd7 24.Rb7+ Ke6 25.Bc4+ Nd5 26.Re1+ {#r} 1-0

[Event "Ch Slovenia (team)"]
[Site "masterchessopen.com Maribor (Slovenia)"]
[Date "2011.06.04"]
[Round "5"]
[White "Sitnik Igor (SLO)"]
[Black "Starcic Tadej (SLO)"]
[Result "1-0"]
[WhiteElo "2242"]
[BlackElo "2094"]

1.d4 d5 2.c4 c6 3.Nf3 Nf6 4.e3 Bf5 5.Bd3 Bxd3 6.Qxd3 e6 7.O-O Nbd7 8.Nbd2 Bd6
9.e4 dxe4 10.Nxe4 Nxe4 11.Qxe4 O-O 12.Bg5 Be7 13.Bf4 Nf6 14.Qe2 c5 15.Rad1
cxd4 16.Nxd4 Qb6 17.Rd3 Rac8 18.b3 Rfd8 19.Rfd1 h6 20.Be5 Nd7 21.Bxg7 Kxg7
22.Nf5+ Kf8 23.Rxd7 Bg5 24.Qh5 Be7 25.Qxh6+ {#r} 1-0

[Event "Extraliga Cze-Svk (w)"]
[Site "masterchessopen.com Orlova (Czech Republic)"]
[Date "2011.06.17"]
[Round "3"]
[White "Edes Zsofia (SVK)"]
[Black "Olsarova Karolina (CZE)"]
[Result "0-1"]
[WhiteElo "1989"]
[BlackElo "2176"]

1.d4 d5 2.c4 c6 3.Nf3 Nf6 4.e3 Bf5 5.Nc3 e6 6.Nh4 Be4 7.f3 Bg6 8.Qb3 Qb6 9.c5
Qc7 10.Bd2 Nbd7 11.Nxg6 hxg6 12.e4 dxe4 13.fxe4 e5 14.Bc4 O-O-O 15.d5 Nxc5
16.Qc2 cxd5 17.Bxd5 Kb8 18.Rc1 Nxd5 19.Nxd5 Qd7 20.Bc3 f6 21.Rd1 Qg4 22.O-O
Qxe4 23.Qd2 Na4 24.Rf3 Bc5+ 25.Kf1 Rxh2 {#R} 0-1

[Event "It (open)"]
[Site "masterchessopen.com Pula (Croatia)"]
[Date "2011.06.25"]
[Round "9"]
[White "Skrbin Kresimir (CRO)"]
[Black "Diermair Andreas (AUT)"]
[Result "0-1"]
[WhiteElo "2268"]
[BlackElo "2414"]

1.d4 d5 2.c4 c6 3.Nf3 Nf6 4.e3 Bf5 5.Nc3 e6 6.Nh4 Bg6 7.Be2 Nbd7 8.O-O Ne4
9.Nxg6 hxg6 10.cxd5 exd5 11.Nxe4 dxe4 12.d5 Bd6 13.h3 c5 14.Qa4 Qe7 15.Bb5
O-O-O 16.Bxd7+ Rxd7 17.f3 Rxh3 18.Qxe4 Qxe4 19.fxe4 Rh4 20.Bd2 Rxe4 21.Rac1 b6
22.Kf2 Be5 23.Bc3 Bxc3 24.Rxc3 Rxd5 {#R} 0-1

[Event "It (open)"]
[Site "masterchessopen.com Oberwart (Austria)"]
[Date "2011.07.14"]
[Round "6"]
[White "Marjanovic Slavko (SLO)"]
[Black "Rieger Robert (AUT)"]
[Result "0-1"]
[WhiteElo "1949"]
[BlackElo "2167"]

1.d4 d5 2.c4 c6 3.Nf3 Nf6 4.e3 Bf5 5.Bd3 Bg6 6.Ne5 e6 7.O-O Nbd7 8.Nxd7 Nxd7
9.cxd5 cxd5 10.Nc3 Bd6 11.Nb5 Bb8 12.b3 a6 13.Nc3 Qc7 {#R} 0-1

[Event "It (open)"]
[Site "masterchessopen.com Oberwart (Austria)"]
[Date "2011.07.14"]
[Round "6"]
[White "Pallitsch Clemens (AUT)"]
[Black "Higatsberger Michael (AUT)"]
[Result "0-1"]
[WhiteElo "2077"]
[BlackElo "2126"]

1.d4 d5 2.c4 c6 3.e3 Nf6 4.Nf3 Bf5 5.Nc3 e6 6.Bd3 Bg4 7.Qc2 Nbd7 8.Ne5 Nxe5
9.dxe5 Nd7 10.f4 Nc5 11.O-O d4 12.Ne4 dxe3 13.Nxc5 Bxc5 14.Kh1 Qd4 15.h3 h5
16.Be2 Bf5 17.Qb3 O-O-O 18.Rf3 Qe4 19.a3 Bg4 {#R} 0-1

[Event "It (cat.9)"]
[Site "masterchessopen.com Donostia (Spain)"]
[Date "2011.07.18"]
[Round "7"]
[White "Flear Glenn C (ENG)"]
[Black "Gonzalez De La Torre Sant (ESP)"]
[Result "1-0"]
[WhiteElo "2471"]
[BlackElo "2445"]

1.d4 d5 2.c4 c6 3.Nf3 Nf6 4.e3 Bf5 5.Nc3 e6 6.Nh4 Bg6 7.Qb3 Qb6 8.Nxg6 hxg6
9.Bd2 Nbd7 10.h3 Be7 11.Be2 Qc7 12.Qc2 dxc4 13.Bxc4 e5 14.O-O-O exd4 15.exd4
Nb6 16.Bb3 Rf8 17.Rhe1 O-O-O 18.Nb5 Qd7 19.Bf4 Rde8 20.d5 c5 21.Nxa7+ Kd8
22.Nc6+ {#r} 1-0

[Event "Ch Quebec (invitational)"]
[Site "masterchessopen.com Montreal (Canada)"]
[Date "2011.07.30"]
[Round "9"]
[White "Voloaca Mihnea (CAN)"]
[Black "Berube Antoine (CAN)"]
[Result "1-0"]
[WhiteElo "2233"]
[BlackElo "2152"]

1.d4 d5 2.c4 c6 3.Nf3 Nf6 4.e3 Bf5 5.Nc3 e6 6.Nh4 Be4 7.f3 Bg6 8.g3 Nbd7 9.Ng2
h6 10.Nf4 Bh7 11.cxd5 exd5 12.Bd3 Bxd3 13.Nxd3 Be7 14.e4 dxe4 15.fxe4 Nb6
16.e5 Nfd5 17.Ne4 O-O 18.O-O Nc7 19.Nf6+ gxf6 20.Qg4+ Kh8 21.Bxh6 Rg8 22.Qh4
Rg7 23.exf6 Rh7 24.fxe7 Qd5 25.Qf6+ {#r} 1-0

[Event "It (open)"]
[Site "masterchessopen.com Vlissingen (Netherlands)"]
[Date "2011.07.30"]
[Round "1"]
[White "Verbeek Martijn (NED)"]
[Black "Laarhoven Thijs (NED)"]
[Result "0-1"]
[WhiteElo "1869"]
[BlackElo "2211"]

1.d4 d5 2.c4 c6 3.Nf3 Nf6 4.e3 Bf5 5.Nc3 e6 6.Bd2 h6 7.Rc1 Nbd7 8.cxd5 exd5
9.Be2 Bd6 10.Qb3 Qb6 11.Bd1 O-O 12.Bc2 Bxc2 13.Qxc2 Rfe8 14.O-O Ne4 15.Nxe4
dxe4 16.Ne1 Qb5 17.Qd1 Bxh2+ 18.Kxh2 Qxf1 {#R} 0-1

[Event "It (open)"]
[Site "masterchessopen.com Tabor (Czech Republic)"]
[Date "2011.08.05"]
[Round "7"]
[White "Sodoma Jan (CZE)"]
[Black "Hasek Vaclav (CZE)"]
[Result "1-0"]
[WhiteElo "2380"]
[BlackElo "2110"]

1.d4 d5 2.Nf3 c6 3.c4 Nf6 4.e3 Bf5 5.Nc3 e6 6.Nh4 Bg6 7.Nxg6 hxg6 8.Bd2 Nbd7
9.Bd3 Bd6 10.c5 Bc7 11.f4 b5 12.b4 a5 13.a3 axb4 14.axb4 Ke7 15.Rb1 Ne8 16.e4
dxe4 17.Bxe4 Nb8 18.Nxb5 Nf6 19.Bf3 Nd5 20.Nxc7 Qxc7 21.g3 Nd7 22.O-O Ra3
23.b5 cxb5 24.Bxd5 exd5 25.c6 {#r} 1-0

[Event "It (open) \"]
[Site "masterchessopen.com Helsingor (Denmark)"]
[Date "2011.08.06"]
[Round "9"]
[White "Hinrichs Jan (GER)"]
[Black "Pedersen Nicolai Kvistbrond (DEN)"]
[Result "1-0"]
[WhiteElo "1994"]
[BlackElo "2133"]

1.d4 d5 2.c4 c6 3.Nf3 Nf6 4.e3 Bf5 5.Nh4 Bxb1 6.Rxb1 e6 7.Qb3 Qb6 8.Bd3 Bb4+
9.Ke2 Be7 10.Qc2 Nbd7 11.c5 Qc7 12.f4 Ne4 13.Nf3 f5 14.b4 b5 15.cxb6 axb6
16.Bb5 Rxa2 17.Rb2 Rxb2 18.Bxb2 c5 19.Ne5 Nf6 20.bxc5 bxc5 21.dxc5 O-O 22.Nxd7
Nxd7 23.Bxd7 Qxd7 24.c6 Rc8 25.Qc3 {#r} 1-0

[Event "Universiade"]
[Site "masterchessopen.com Shenzhen (China)"]
[Date "2011.08.18"]
[Round "5"]
[White "Dekker Marvin (AHO)"]
[Black "Wageih Kareim (EGY)"]
[Result "0-1"]
[WhiteElo "2097"]
[BlackElo "2362"]

1.d4 d5 2.c4 c6 3.Nf3 Nf6 4.e3 Bf5 5.Nc3 e6 6.Nh4 Bg4 7.Qb3 Qb6 8.Qxb6 axb6
9.h3 Bh5 10.g4 Bg6 11.Nxg6 hxg6 12.cxd5 exd5 13.Bg2 b5 14.Bd2 Bd6 15.e4 dxe4
16.Nxe4 Nxe4 17.Bxe4 O-O 18.O-O-O Rxa2 19.h4 Ra1+ 20.Bb1 Nd7 21.h5 Nf6 22.h6
gxh6 23.Rxh6 {#R} 0-1

[Event "Ch Brasiliense (final)"]
[Site "masterchessopen.com Brasilia (Brazil)"]
[Date "2011.08.23"]
[Round "8"]
[White "Aguiar Lucas (BRA)"]
[Black "Reis Ernesto (BRA)"]
[Result "1-0"]
[WhiteElo "2157"]
[BlackElo "1943"]

1.c4 c6 2.d4 d5 3.e3 Nf6 4.Nf3 Bf5 5.Qb3 Qb6 6.c5 Qc7 7.Nc3 Nbd7 8.Nh4 Bg6
9.Nxg6 hxg6 10.f4 e6 11.Be2 b6 12.cxb6 axb6 13.Bd2 Nh5 14.O-O-O f5 15.g4 Nhf6
16.g5 Ne4 17.Nxe4 fxe4 18.Kb1 Kf7 19.h4 Be7 20.Rdf1 Qa7 21.Rc1 c5 22.h5 gxh5
23.f5 Qa4 24.Qxa4 Rxa4 25.Rxh5 Rxh5 26.Bxh5+ {#r} 1-0

[Event "It (open) \"]
[Site "masterchessopen.com Sunningdale (England)"]
[Date "2011.09.18"]
[Round "5"]
[White "Croad Nicolas (NZL)"]
[Black "Jaszkiwskyj Peter (ENG)"]
[Result "1-0"]
[WhiteElo "2267"]
[BlackElo "1985"]

1.d4 d5 2.c4 c6 3.Nf3 Nf6 4.e3 Bf5 5.Nc3 e6 6.Nh4 Bg6 7.Qb3 Qc7 8.cxd5 cxd5
9.Bd2 Be7 10.Rc1 Nc6 11.Nxg6 hxg6 12.h3 O-O 13.Bd3 Rfc8 14.O-O Qd7 15.Nb1 a5
16.Qa4 Ne8 17.Rc2 Nd6 18.Rfc1 Bd8 19.Na3 Nf5 20.Bb5 Nfe7 21.Rc3 Qd6 22.Nc2 Na7
23.Ne1 Nxb5 24.Qxb5 Nc6 25.Qxb7 {#r} 1-0

[Event "Cup Mayors (open)"]
[Site "masterchessopen.com Zabrze (Poland)"]
[Date "2011.09.25"]
[Round "4"]
[White "Kuciel Wladyslaw (POL)"]
[Black "Korcz Daniel (POL)"]
[Result "0-1"]
[WhiteElo "2021"]
[BlackElo "1833"]

1.d4 d5 2.Nf3 Nf6 3.c4 c6 4.e3 Bf5 5.Nc3 e6 6.Bd3 Bxd3 7.Qxd3 Bd6 8.O-O O-O
9.e4 dxe4 10.Nxe4 Nxe4 11.Qxe4 Nd7 12.Bg5 Nf6 13.Qe2 Be7 14.Rfd1 Re8 15.a3 Nd7
16.Bf4 Qa5 17.c5 Nf6 18.Ne5 Qd8 19.Rd3 Qd5 20.Rad1 Rad8 21.b4 Qe4 22.Be3 Nd5
23.f3 Qf5 24.Rb3 Nxe3 25.Qxe3 Bg5 26.Qf2 Qxe5 {#R} 0-1

[Event "It \"]
[Site "masterchessopen.com Barcelona (Spain)"]
[Date "2011.10.01"]
[Round "1"]
[White "Salvo Garcia Roger (ESP)"]
[Black "Echarri Torres Miguel (ESP)"]
[Result "0-1"]
[WhiteElo "2131"]
[BlackElo "2075"]

1.d4 d5 2.c4 c6 3.Nf3 Nf6 4.e3 Bf5 5.Nc3 e6 6.Nh4 Bg4 7.f3 Bh5 8.g3 Nbd7 9.Be2
Be7 10.Qb3 Qb6 11.Bd2 O-O 12.Qc2 dxc4 13.O-O-O e5 14.Nf5 Rfe8 15.g4 Bg6 16.Be1
exd4 17.exd4 Nd5 18.Bf2 Bg5+ {#R} 0-1

[Event "Memorial Oliver Gonzalez (open)"]
[Site "masterchessopen.com Madrid (Spain)"]
[Date "2011.10.09"]
[Round "2"]
[White "Valles Moreno Ivan (ESP)"]
[Black "Gadeo Colomina Francisco (ESP)"]
[Result "1-0"]
[WhiteElo "2394"]
[BlackElo "2036"]

1.d4 d5 2.c4 c6 3.Nf3 Nf6 4.e3 Bf5 5.Nc3 e6 6.Nh4 Bg6 7.Be2 Nbd7 8.O-O Be7
9.g3 O-O 10.Nxg6 hxg6 11.b3 Re8 12.Bb2 Bd6 13.Qc2 Qe7 14.a3 dxc4 15.bxc4 e5
16.c5 Bc7 17.Bc4 e4 18.f3 Nxc5 19.dxc5 Qxc5 20.Nxe4 Qxe3+ 21.Rf2 Be5 22.Nxf6+
Bxf6 23.Bxf6 {#r} 1-0

[Event "It (open) (active) (Handicap)"]
[Site "masterchessopen.com Puhajarve (Estonia)"]
[Date "2011.11.25"]
[Round "4"]
[White "Volodin Aleksandr (EST)"]
[Black "Lauk Ular (EST)"]
[Result "0-1"]
[WhiteElo "2495"]
[BlackElo "2394"]

1.d4 d5 2.c4 c6 3.Nf3 Nf6 4.e3 Bf5 5.Nc3 e6 6.Be2 Nbd7 7.Nh4 Bg6 8.Nxg6 hxg6
9.h3 Bd6 10.O-O Ne4 11.Nxe4 dxe4 12.f4 exf3 13.Rxf3 Nf6 14.Bd2 e5 15.Be1 Qe7
16.Qc2 O-O-O 17.Bc3 e4 18.Rff1 Bc7 19.Qa4 Qd6 20.Rf4 g5 21.Bb4 Qe6 22.Rff1
Rxh3 23.d5 Qe5 24.d6 Qh2+ 25.Kf2 Qg3+ 26.Kg1 Rdh8 {#R} 0-1

[Event "Tournament \"]
[Site "masterchessopen.com Apatity (Russia)"]
[Date "2011.12.02"]
[Round "1"]
[White "Lysyj Igor (RUS)"]
[Black "Rublevsky Sergei (RUS)"]
[Result "0-1"]
[WhiteElo "2633"]
[BlackElo "2686"]

1.d4 d5 2.c4 c6 3.Nf3 Nf6 4.e3 Bf5 5.Nc3 e6 6.Nh4 Bg6 7.Be2 Nbd7 8.g3 Bd6
9.O-O dxc4 10.Nxg6 hxg6 11.Bxc4 Qe7 12.Be2 e5 13.d5 e4 14.dxc6 bxc6 15.Qd4 Qe6
16.f4 exf3 17.Bxf3 Ne5 18.Bg2 O-O 19.Ne4 Nxe4 20.Qxe4 Bc5 21.Bd2 Nc4 22.Qxe6
fxe6 23.Rxf8+ Rxf8 24.Bc3 Nxe3 25.Bxc6 Nc2+ {#R} 0-1

[Event "It (open)"]
[Site "masterchessopen.com London (England)"]
[Date "2011.12.06"]
[Round "4"]
[White "Pert Nicholas (ENG)"]
[Black "Thorfinnsson Bjorn (ISL)"]
[Result "1-0"]
[WhiteElo "2563"]
[BlackElo "2402"]

1.d4 d5 2.c4 c6 3.Nf3 Nf6 4.e3 Bf5 5.cxd5 cxd5 6.Qb3 Qc7 7.Bd2 Nc6 8.Bb5 e6
9.O-O Bd6 10.Bb4 O-O 11.Bxc6 bxc6 12.Nbd2 Rfc8 13.Rfc1 Nd7 14.Qa3 Bxb4 15.Qxb4
c5 16.dxc5 Nxc5 17.Rc3 Qb6 18.Qa3 f6 19.Rac1 {#r} 1-0

[Event "Arab Games (active)"]
[Site "masterchessopen.com Doha (Qatar)"]
[Date "2011.12.12"]
[Round "8"]
[White "Al-Zendani Zendan (YEM)"]
[Black "Al Sayed Mohamad N (QAT)"]
[Result "0-1"]
[WhiteElo "2384"]
[BlackElo "2514"]

1.d4 d5 2.c4 c6 3.e3 Nf6 4.Nf3 Bf5 5.Nc3 e6 6.Qb3 Qb6 7.c5 Qc7 8.Bd2 h6 9.Rc1
Nbd7 10.Be2 g5 11.h3 Bg7 12.Qd1 e5 13.dxe5 Nxe5 14.Nxe5 Qxe5 15.O-O Qe6 16.g4
Bh7 17.f4 h5 18.f5 Qe5 19.Rf2 Qg3+ 20.Rg2 Qxh3 21.Rh2 Qg3+ 22.Rg2 Qe5 23.gxh5
Bxf5 24.Rxg5 Bh6 25.Rg2 Bh3 {#R} 0-1

[Event "It (open)"]
[Site "masterchessopen.com St. Leon-Rot (Germany)"]
[Date "2011.12.30"]
[Round "7"]
[White "Senk Christian (GER)"]
[Black "Jenisch Achim (GER)"]
[Result "1-0"]
[WhiteElo "2162"]
[BlackElo "1859"]

1.d4 d5 2.Nf3 c6 3.e3 Nf6 4.c4 Bf5 5.cxd5 cxd5 6.Nc3 a6 7.Qb3 b5 8.a4 bxa4
9.Qb7 Nbd7 10.Bxa6 e6 11.Ne5 Nxe5 12.dxe5 Nd7 13.Bb5 Rb8 14.Bxd7+ Ke7 15.Qa7
Ra8 16.Qc5+ Kxd7 17.Qb5+ Ke7 18.e4 dxe4 19.Bg5+ f6 20.exf6+ gxf6 21.Qb7+ Qd7
{#r} 1-0

[Event "Ch Spain (team) (Liga Madrilena)"]
[Site "masterchessopen.com Madrid (Spain)"]
[Date "2012.01.15"]
[Round "6"]
[White "Candela Perez Jose (ESP)"]
[Black "Moreno Alejandro (ESP)"]
[Result "0-1"]
[WhiteElo "2424"]
[BlackElo "2474"]

1.d4 d5 2.c4 c6 3.Nf3 Nf6 4.e3 Bf5 5.Nc3 e6 6.Be2 Nbd7 7.Nh4 Bg6 8.O-O Be7
9.Nxg6 hxg6 10.b3 Bb4 11.Bb2 Bxc3 12.Bxc3 Ne4 13.Bb2 Qh4 14.h3 Ng5 15.Re1 Ne4
16.Rf1 f5 17.Bd3 Ng5 18.Kh2 Nf6 19.f3 Nxh3 20.g3 Qh6 {#R} 0-1

[Event "It (open)"]
[Site "masterchessopen.com Nis (Serbia)"]
[Date "2012.02.25"]
[Round "2"]
[White "Djukic Sandra (SRB)"]
[Black "Djordjevic Lazar (SRB)"]
[Result "1-0"]
[WhiteElo "2197"]
[BlackElo "1612"]

1.d4 Nf6 2.Nf3 d5 3.c4 c6 4.e3 Bf5 5.Nc3 e6 6.Qb3 Qb6 7.c5 Qxb3 8.axb3 Nbd7
9.b4 Be7 10.b5 O-O 11.b4 Ne4 12.Bb2 Ndf6 13.Ne5 cxb5 14.Nxb5 a6 15.Na3 h6
16.f3 Ng5 17.h4 Ngh7 18.g4 {#r} 1-0

[Event "Bundesliga B East 2011/12"]
[Site "masterchessopen.com Austria"]
[Date "2012.03.04"]
[Round "7"]
[White "Menezes Christoph (AUT)"]
[Black "Herndlbauer Martin (AUT)"]
[Result "1-0"]
[WhiteElo "2236"]
[BlackElo "2140"]

1.d4 d5 2.c4 c6 3.Nf3 Nf6 4.e3 Bf5 5.Nc3 e6 6.Nh4 Bg6 7.Nxg6 hxg6 8.a3 Nbd7
9.g3 Nb6 10.b3 Qc7 11.f4 Rd8 12.c5 Nbd7 13.Bd3 b6 14.b4 Be7 15.Kf2 O-O 16.h4
Ra8 17.g4 Rfb8 18.Kg2 a5 19.Rb1 Kf8 20.h5 gxh5 21.g5 Ne4 22.Qxh5 f5 23.Qg6
{#r} 1-0

[Event "Ch UrFO (open)"]
[Site "masterchessopen.com Satka (Russia)"]
[Round "8"]
[White "Yuffa Daniil (RUS)"]
[Black "Kozyrev Alexander (RUS)"]
[Result "1-0"]
[WhiteElo "2323"]
[BlackElo "2492"]

1.d4 d5 2.c4 c6 3.Nf3 Nf6 4.e3 Bf5 5.Nc3 e6 6.Nh4 Bg6 7.Nxg6 hxg6 8.h3 Nbd7
9.Be2 Bd6 10.O-O Qe7 11.f4 g5 12.fxg5 Ne4 13.cxd5 exd5 14.Nxe4 dxe4 15.Bg4
Qxg5 16.Bxd7+ Kxd7 17.Rxf7+ Ke8 18.Qb3 Qg6 19.Qxb7 Qxf7 20.Qxa8+ Kd7 21.Qxh8
Bg3 22.Bd2 {#r} 1-0

[Event "Cup Rector (w)"]
[Site "masterchessopen.com Kharkov (Ukraine)"]
[Date "2012.04.02"]
[Round "8"]
[White "Goryachkina Aleksandra (RUS)"]
[Black "Bezkorovaina Marija (UKR)"]
[Result "1-0"]
[WhiteElo "2333"]
[BlackElo "2099"]

1.d4 d5 2.c4 c6 3.Nf3 Nf6 4.e3 Bf5 5.Nc3 e6 6.Qb3 Qc7 7.Nh4 Bg6 8.Nxg6 hxg6
9.h3 Nbd7 10.Bd3 dxc4 11.Bxc4 O-O-O 12.Bd2 Nb6 13.Bd3 Kb8 14.Ne2 e5 15.Rc1 Bd6
16.a4 exd4 17.Nxd4 Be5 18.Nf3 Nxa4 19.O-O Ng4 20.Qxa4 Nh2 21.Nxe5 Nxf1 22.Bxf1
Qxe5 23.Bc3 Qc5 24.Ra1 a6 25.Qb3 Ka8 26.Bxa6 {#r} 1-0

[Event "Ch Romania (juniors) (under 18) (g)"]
[Site "masterchessopen.com Calimanesti (Romania)"]
[Date "2012.04.03"]
[Round "2"]
[White "Oana Amalia-Ioana (ROM)"]
[Black "Firaru Roxana-Maria (ROM)"]
[Result "0-1"]
[WhiteElo "1504"]
[BlackElo "1659"]

1.d4 d5 2.Nf3 Nf6 3.c4 c6 4.e3 Bf5 5.Bd3 dxc4 6.Bxc4 e6 7.Nc3 Nbd7 8.O-O Qc7
9.Qe2 Bg4 10.h3 Bh5 11.e4 Be7 12.e5 Nd5 13.Bxd5 cxd5 14.Bf4 a6 15.Rac1 Qb6
16.g4 Bg6 17.Rfd1 h5 18.g5 h4 19.Kh2 Bh5 20.Rd2 Qd8 21.Rg1 Nf8 22.Qe3 Ng6
23.Rd3 Rc8 24.Kh1 Rc4 25.Qd2 Qb6 26.Ne1 Nf8 {#R} 0-1

[Event "Ch Bosnia & Herzegovina (team)"]
[Site "masterchessopen.com Jahorina (Bosnia & Herzegovina)"]
[Date "2012.06.04"]
[Round "3"]
[White "Kovacevic Blazimir (CRO)"]
[Black "Sedlak Nikola (SRB)"]
[Result "0-1"]
[WhiteElo "2455"]
[BlackElo "2593"]

1.d4 d5 2.c4 c6 3.Nf3 Nf6 4.e3 Bf5 5.Nc3 e6 6.Nh4 Bg6 7.Nxg6 hxg6 8.a3 Nbd7
9.g3 Be7 10.Be2 Ne4 11.Nxe4 dxe4 12.f3 Qc7 13.O-O exf3 14.Bxf3 O-O-O 15.Bd2 f5
16.Qa4 Ne5 17.Be2 Rh3 18.Ba5 b6 19.Be1 Nf7 20.Bf3 Rdh8 21.Qxc6 Qxc6 22.Bxc6
Bg5 23.Bf2 Nd6 24.Bg2 Rxh2 25.Rfd1 Ne4 26.Rd3 Rh1+ {#R} 0-1

[Event "It (open) (team) (juniors)"]
[Site "masterchessopen.com Liptovsky Mikulas (Slovakia)"]
[Date "2012.06.22"]
[Round "1"]
[White "Spacek Oliver"]
[Black "Janos Marek"]
[Result "1-0"]
[WhiteElo "1961"]
[BlackElo "1541"]

1.d4 d5 2.c4 c6 3.Nf3 Nf6 4.e3 Bf5 5.Nc3 e6 6.Nh4 Be7 7.Nxf5 exf5 8.Bd3 Qd7
9.O-O O-O 10.b3 Ne4 11.Ne2 Na6 12.f3 Nf6 13.Bd2 Nc7 14.Kh1 Rae8 15.Qc2 dxc4
16.Bxf5 Ne6 17.bxc4 Qc7 18.e4 Rd8 19.e5 Ne8 20.Bxh7+ Kh8 21.Bc3 f6 22.f4 b6
23.Qg6 Qd7 24.Qh5 {#r} 1-0

[Event "It (open)"]
[Site "masterchessopen.com Terrasini (Italy)"]
[Date "2012.06.29"]
[Round "8"]
[White "Sbarra Marco (ITA)"]
[Black "Messina Damiano (ITA)"]
[Result "1-0"]
[WhiteElo "2271"]
[BlackElo "1939"]

1.d4 Nf6 2.c4 c6 3.Nf3 d5 4.e3 Bf5 5.Nc3 e6 6.Nh4 Bg6 7.Qb3 Qb6 8.Nxg6 hxg6
9.c5 Qxb3 10.axb3 Nbd7 11.b4 Be7 12.b5 O-O 13.bxc6 bxc6 14.Ra6 Rfc8 15.Be2 e5
16.O-O Ne8 17.b4 Bf6 18.Bg4 {#r} 1-0

[Event "It (open)"]
[Site "masterchessopen.com Barbera del Valles (Spain)"]
[Date "2012.07.06"]
[Round "3"]
[White "Chakravarthi Y V K (IND)"]
[Black "Mosquera Miguel (COL)"]
[Result "0-1"]
[WhiteElo "2053"]
[BlackElo "2395"]

1.d4 d5 2.c4 c6 3.Nf3 Nf6 4.e3 Bf5 5.Nc3 e6 6.Nh4 Bg6 7.Be2 Nbd7 8.O-O Be7
9.g3 dxc4 10.Nxg6 hxg6 11.Bxc4 Qa5 12.e4 O-O-O 13.Be3 Rh3 14.f4 c5 15.e5 cxd4
16.Bxd4 Nxe5 17.Kg2 Nxc4 18.Kxh3 Bc5 19.Ne2 Ne3 20.Bxe3 Rxd1 21.b4 Qxb4
22.Raxd1 Bxe3 23.Rd3 Nd5 24.Rb3 Qe4 25.Re1 Bd2 {#R} 0-1

[Event "It (open) (b)"]
[Site "masterchessopen.com Dortmund (Germany)"]
[Date "2012.07.14"]
[Round "1"]
[White "Ropers Klaus (GER)"]
[Black "Sinnen Robin"]
[Result "1-0"]
[WhiteElo "1874"]
[BlackElo "1480"]

1.d4 d5 2.Nf3 Nf6 3.c4 c6 4.e3 Bf5 5.Nc3 e6 6.Be2 Bb4 7.O-O O-O 8.Nh4 Ne4
9.Nxf5 Nxc3 10.bxc3 Bxc3 11.Rb1 exf5 12.Rxb7 Qa5 13.Qb3 Na6 14.cxd5 cxd5
15.Rb5 Qc7 16.Ba3 Rfb8 17.Qxd5 Rxb5 18.Qxb5 {#r} 1-0

[Event "It (open)"]
[Site "masterchessopen.com Girona (Spain)"]
[Date "2012.07.22"]
[Round "7"]
[White "Alejo Alvarez Miguel Angel (ESP)"]
[Black "Parayre Soguero Jodri (ESP)"]
[Result "0-1"]
[WhiteElo "1691"]
[BlackElo "1957"]

1.d4 d5 2.c4 c6 3.Nf3 Nf6 4.e3 Bf5 5.Nc3 e6 6.Bd3 Bxd3 7.Qxd3 Nbd7 8.cxd5 exd5
9.a3 Bd6 10.b3 O-O 11.O-O Re8 12.Bb2 Ne4 13.Qe2 Ndf6 14.a4 Qe7 15.Nb1 Ng4
16.Ba3 Rad8 17.Bxd6 Rxd6 18.Nc3 Rg6 19.Rfe1 Qf6 20.h3 Qxf3 21.Nxe4 dxe4 22.Kh1
Qxg2+ 23.Kxg2 Nxe3+ {#R} 0-1

[Event "It (open)"]
[Site "masterchessopen.com Olomouc (Czech Republic)"]
[Date "2012.08.06"]
[Round "6"]
[White "Sergienko Vladislav (UKR)"]
[Black "Gagarin Vasilij (RUS)"]
[Result "1-0"]
[WhiteElo "2191"]
[BlackElo "2372"]

1.d4 d5 2.Nf3 Nf6 3.c4 c6 4.e3 Bf5 5.Nc3 e6 6.Nh4 Bg6 7.Nxg6 hxg6 8.Bd2 Nbd7
9.Rc1 Be7 10.Qb3 Qb8 11.g3 Nb6 12.c5 Nbd7 13.Bg2 e5 14.Qc2 O-O 15.b4 Re8
16.O-O Nh7 17.b5 Qc7 18.bxc6 bxc6 19.Rb1 Nhf8 20.Qa4 Ne6 21.Nxd5 cxd5 22.Bxd5
Rab8 23.Ba5 Qc8 24.Rxb8 Nxb8 25.Bb7 Qd7 26.c6 {#r} 1-0

[Event "It \"]
[Site "masterchessopen.com Wiesbaden (Germany)"]
[Date "2012.08.25"]
[Round "5"]
[White "Lessmann Sven (GER)"]
[Black "Lochmann Tobias"]
[Result "1-0"]
[WhiteElo "1659"]
[BlackElo "686"]

1.d4 d5 2.c4 c6 3.Nf3 Nf6 4.e3 Bf5 5.Qb3 Qc7 6.Nc3 e6 7.Ne5 Nbd7 8.cxd5 cxd5
9.Bb5 O-O-O 10.f4 Be7 11.Nxf7 Rdf8 12.Nxh8 Rxh8 13.Bd2 Ne4 14.Nxe4 Bxe4 15.Rc1
Nc5 16.dxc5 Bh4+ 17.Kf1 d4 18.Qxe6+ Kb8 19.Qxe4 a6 20.Be2 Qc8 21.Qxd4 Bf6
22.Qb4 Qd7 23.c6 Qc7 24.Bxa6 Bd8 25.cxb7 h6 26.Rxc7 {#r} 1-0